|
|
|
|
| LEADER |
01450nam a2200397Ia 4500 |
| 001 |
EBC487695 |
| 003 |
MiAaPQ |
| 005 |
20200520144314.0 |
| 006 |
m o d | |
| 007 |
cr cn||||||||| |
| 008 |
090902s2010 nju sb 001 0 eng d |
| 010 |
|
|
|z 2009035136
|
| 020 |
|
|
|z 9780470488683 (cloth)
|
| 035 |
|
|
|a (MiAaPQ)EBC487695
|
| 035 |
|
|
|a (Au-PeEL)EBL487695
|
| 035 |
|
|
|a (CaPaEBR)ebr10366579
|
| 035 |
|
|
|a (CaONFJC)MIL255165
|
| 035 |
|
|
|a (OCoLC)607554999
|
| 040 |
|
|
|a MiAaPQ
|c MiAaPQ
|d MiAaPQ
|
| 050 |
|
4 |
|a HG4028.P7
|b M33 2010
|
| 100 |
1 |
|
|a Madden, Bartley J.
|
| 245 |
1 |
0 |
|a Wealth creation
|h [electronic resource] :
|b a systems mindset for building and investing in businesses for the long term /
|c Bartley J. Madden.
|
| 260 |
|
|
|a Hoboken, NJ :
|b John Wiley & Sons,
|c c2010.
|
| 300 |
|
|
|a xviii, 178 p.
|
| 490 |
1 |
|
|a Wiley finance series
|
| 504 |
|
|
|a Includes bibliographical references and index.
|
| 533 |
|
|
|a Electronic reproduction. Ann Arbor, MI : ProQuest, 2015. Available via World Wide Web. Access may be limited to ProQuest affiliated libraries.
|
| 650 |
|
0 |
|a Profit.
|
| 650 |
|
0 |
|a Corporate profits.
|
| 650 |
|
0 |
|a Corporations
|x Valuation.
|
| 650 |
|
0 |
|a Business enterprises
|x Valuation.
|
| 650 |
|
0 |
|a Investments.
|
| 655 |
|
4 |
|a Electronic books.
|
| 710 |
2 |
|
|a ProQuest (Firm)
|
| 830 |
|
0 |
|a Wiley finance series.
|
| 856 |
4 |
0 |
|u https://ebookcentral.proquest.com/lib/matrademy/detail.action?docID=487695
|z Click to View
|